UBT Library

Why we still need the United Nations : (Record no. 175)

000 -LEADER
fixed length control field 00776cam a2200205 a 4500
005 - DATE AND TIME OF LATEST TRANSACTION
control field 20131028093534.0
008 - FIXED-LENGTH DATA ELEMENTS--GENERAL INFORMATION
fixed length control field 870212s1986 caua 000 0 eng d
041 0# - LANGUAGE CODE
Language code of text/sound track or separate title eng
080 ## - UNIVERSAL DECIMAL CLASSIFICATION NUMBER
Universal Decimal Classification number 327
100 1# - Rafti
Rafti Haas, Ernst B.
245 00 - TITLE STATEMENT
Title Why we still need the United Nations :
Statement of responsibility, etc Ernst B. Haas.
260 ## -
-- Berkeley :
-- Institute of International Studies, University of California,
-- c1986.
300 ## -
-- ix, 104 p. :
-- ill. ;
-- 24 cm.
490 1# -
-- Policy papers in international affairs ;
-- no. 26
504 ## - BIBLIOGRAPHY, ETC. NOTE
Bibliography, etc Bibliography: p. 104.
610 20 -
-- United Nations.
650 ## -
-- Marrëdhënie ndërkombëtare
-- Shtetet e bashkuara
830 #0 -
-- Policy papers in international affairs ;
-- no. 26.
942 ## - ADDED ENTRY ELEMENTS (KOHA)
Source of classification or shelving scheme
Item type Books
Holdings
Withdrawn status Lost status Source of classification or shelving scheme Damaged status Not for loan Collection code Permanent location Current location Shelving location Date acquired Total Checkouts Full call number Barcode Date last seen Price effective from Koha item type
          Koleksioni i përgjithshem UBT - Prishtine UBT - Prishtine Koleksioni i përgjithshem 10/28/2013   327 HAA 001-000191 10/28/2013 10/28/2013 Books
UBT Library © 2015-2024. All rights reserved University Education for Business and Technology